000 02585nam a22003017a 4500
003 DO-SdBPM
005 20260123132035.0
007 ta
008 210512b 2017 dr 00| 0 eng d
020 _a9789945462937
040 _aDO-SdBPM
_bspa
_cBPMSU
_drda
082 4 _a972.93054
_bA532t 2017
_222
245 0 0 _aAnálisis y testimonios sobre la Gesta Patriótica de 1965 /
_ccuidado de edición, Luis Fernández
264 _aSanto Domingo :
_bComisión Permanente de Efemérides Patrias,
_c2017.
300 _a2 volumenes :
_bilustración,retrato.;
_c23 cm.
336 _atexto
_btxt
_2rdacontent
337 _asin mediación
_bn
_2rdamedia
338 _avolumen
_bnc
_2rdacarrier
490 0 _a50 Aniversario de la Gesta Patriótica de Abril 1965 ;
_v16 /17
500 _aIncluye referencias bibliográficas y notas al pie de las páginas
505 0 _gv.1
_tBosch relata la historia secreta del golpe de 1963 --
_tEl misterio del golpe de 1963 /
_rVíctor Grimaldi --
_tAbril: análisis y testimonio
_tLa revolución de abril /
_rJosé Espaillat --
_tTestimonio de la guerra de abril /
_rRafael Fafa Taveras --
_tLa guerra de abril como acontecimiento social, político y económico /
_rRoberto Cassá --
_tOrígenes y proyecciones de la revolución de abril /
_rRoberto Cassá --
_tAbril, la liberación efímera /
_rRafael Fafa Taveras --
_tHitos de la revolución /
_rJosé Francisco Peña Gómez --
_tFernández Domínguez y Caamaño Deñó: el pensamiento de los militares dominicanos constitucionalistas /
_rFranklin Franco Pichardo --
_tEl arte durante la guerra de abril. Luces entre ráfagas y bombardeos /
_rEdgar Hernández Mejía --
_tLos autores.
_gv.2
_tVivencias de la guerra del 24 de abril /
_rEdgar Hernández Mejía --
_tEl proceso revolucionario dominicano y sus enseñanzas /
_rJosé Israel Cuello, Narciso Isa Conde --
_tLa revolución dominicana y la crisis de la OEA /
_rJulio César Estrella --
_tPueblo, sangre y canto /
_rFrente cultural --
_tAutores extranjeros
_tFuera la bota militar de Santo Domingo /
_rVíctor Perlo --
_tRevolución y contra-revolución en la República Dominicana: Por qué invadió Estados Unidos? /
_rLeo Huberman, Paul Sweezy --
_tAtrocidades de la guerra civil de 1965 (Documento de la OEA) --
_tIntervención de 1965 vista por los militares estadounidenses --
_tLos autores.
590 _aInventariado, 2026/VM
651 7 _aRepública Dominicana
_xHistoria
_yRevolución, 1965
651 7 _aRepública Dominicana
_xHistoria
_yGolpe de Estado, 1963
700 1 _aFernández, Luis,
_eedición
910 _aVMateo V. Control de calidad BPMSU
942 _2ddc
_cBK
999 _c15627
_d15627